Central Library OPAC University of Rajshahi
Normal view MARC view

Entry Personal Name

Number of records used in: 1

001 - CONTROL NUMBER

  • control field: 6148

003 - CONTROL NUMBER IDENTIFIER

  • control field: BD-RjUL

005 - DATE AND TIME OF LATEST TRANSACTION

  • control field: 20221205122816.0

008 - FIXED-LENGTH DATA ELEMENTS

  • fixed length control field: 221205|| aca||aabn | a|a d

040 ## - CATALOGING SOURCE

  • Original cataloging agency: BD-RjUL
  • Transcribing agency: BD-RjUL

100 ## - HEADING--PERSONAL NAME

  • Personal name: البهاري، محب الله بن عبد الشكور،
  • Dates associated with a name: توفي 1707 أو 1708

670 ## - SOURCE DATA FOUND

  • Source citation: Work cat.: (BD-RjUL)80889: اللكنوي، محمد بن محمد، Al-Laknawi, Muhammad bin Muhammad, توفي 1810 أو 1811 مؤلف 6144, كتاب مراة الشروح /kitab miraat alshuruh /